| 000 | 00445cam a2200169 a 4500 | ||
|---|---|---|---|
| 020 | _a9780824727796 (alk. paper) | ||
| 020 | _a0824727797 (alk. paper) | ||
| 082 | 0 | 0 | _a664/.09 |
| 100 | 1 | _aLee, Dong Sun. | |
| 245 | 1 | 0 | _aFood packaging science and technology / |
| 260 |
_aBoca Raton : _bCRC Press, _cc2008. |
||
| 300 |
_axxiv, 631 p. : _bill. ; |
||
| 650 | 0 | _aFood | |
| 700 | 1 | _aYam, Kit L. | |
| 700 | 1 | _aPiergiovanni, Luciano, | |
| 942 | _cREF | ||
| 999 |
_c14012 _d14012 |
||